01755nam a2200313 a 4500999001300000001000400013003000900017005001700026008004100043020001500084040004300099082001600142100002700158245024000185250001800425260007000443300004600513500002000559650001500579700001900594942001200613952011400625952011400739952011400853952013200967952011401099952011401213952011401327 c804d804322BD-DhUAP20200128113931.0200128r20011946ii a b 001 0 eng d a8121905311 aBD-DhUAPbBD-DhUAPcBD-DhUAPdBD-DhUAP00a330 DEW2231 aDewett, Kewal Krishan.00aModern economic theory :bmicro and macro analysis, money and banking, international economics, public finance, economic systems, economics of development and planning and economics of welfare /cKewal Krishan Dewett and Adarsh Chand.  a21st rev. ed. aNew Delhi :bShyam Lal Charitable Trust,cc1946 [Reprinted 2001]. axvi, 741 pages :billustrations ;c24 cm. aIncludes index. 0aEconomics. aChand, Adarsh. 2ddccBK 00102ddc4070aUAPCLbUAPCLcGeneral Stacksd2020-01-28o330 DEWp3010000322r2020-01-28t1w2020-01-28yBK 00102ddc4070aUAPCLbUAPCLcGeneral Stacksd2020-01-28o330 DEWp3010004584r2020-01-28t2w2020-01-28yBK 00102ddc4070aUAPCLbUAPCLcGeneral Stacksd2020-01-28o330 DEWp3010011587r2020-01-28t3w2020-01-28yBK 00102ddc4070aUAPCLbUAPCLcGeneral Stacksd2020-01-28l1m1o330 DEWp3010011577r2023-01-16s2022-06-07t4w2020-01-28yBK 00102ddc4070aUAPCLbUAPCLcGeneral Stacksd2021-01-03o330 DEWp3010004537r2021-01-03t5w2021-01-03yBK 00102ddc4070aUAPCLbUAPCLcGeneral Stacksd2021-01-03o330 DEWp3010004538r2021-01-03t6w2021-01-03yBK 00102ddc4070aUAPCLbUAPCLcReserve Stacksd2021-01-24o330 DEWp3010000275r2021-01-24t7w2021-01-24yBK